| 000 | 00335nam a2200145 a 4500 | ||
|---|---|---|---|
| 001 | 3035 | ||
| 003 | CDMR | ||
| 005 | 20130116135239.0 | ||
| 008 | 130130s2002||||||||||||||||||||||||||||d | ||
| 040 |
_aCDMR _bcat _cCPC GIRONA |
||
| 100 | 1 |
_aRuiz, Miquel _92228 |
|
| 245 | 1 | 0 |
_aPassatge 5 (P5) _cRuiz, Miquel |
| 260 |
_c2002 _bCOAC |
||
| 942 | _cMON | ||
| 999 |
_c3035 _d3035 |
||